[Event "NRW Class2 1718"]
[Site "Germany"]
[Date "2017.11.19"]
[Round "3.8"]
[White "Georg, Heinz"]
[Black "Steffens, Klaus"]
[Result "1-0"]
[WhiteElo "2084"]
[BlackElo "1864"]
[PlyCount "91"]
[EventDate "2017.09.17"]
[EventType "team-tourn"]
[EventRounds "9"]
[EventCountry "GER"]
[SourceTitle "EXT 2019"]
[Source "ChessBase"]
[SourceDate "2018.10.10"]
[SourceVersion "1"]
[SourceVersionDate "2018.10.10"]
[SourceQuality "1"]
[WhiteTeam "Kamen"]
[BlackTeam "Siegburg"]
[WhiteTeamCountry "GER"]
[BlackTeamCountry "GER"]

1. e4 e5 2. Nf3 d6 3. d4 exd4 4. Nxd4 g6 5. Bc4 Bg7 6. 0-0 Nf6 7. Nc3 0-0 8. h3 c6 9. Bb3 Nbd7 10. Re1 Nc5 11. Bg5 Re8 12. f3 Ne6 13. Nxe6 Bxe6 14. Qd2 Qb6+ 15. Be3 Qc7 16. Qf2 b5 17. Rad1 Rec8 18. Bxe6 fxe6 19. e5 dxe5 20. Bc5 Bf8 21. Re2 Rd8 22. Rxd8 Rxd8 23. Bxf8 Kxf8 24. Qc5+ Qd6 25. Qxe5 Qxe5 26. Rxe5 Ke7 27. Re2 Nd5 28. Ne4 Nf4 29. Re1 h6 30. Kh2 g5 31. g3 Ng6 32. Kg2 Rd5 33. Kf2 e5 34. Ke3 Ke6 35. Rc1 Ne7 36. c4 bxc4 37. Rxc4 Ra5 38. a4 Nf5+ 39. Kf2 Nd4 40. Nc3 c5 41. g4 Nb3 42. Ke3 Ra6 43. Nb5 Rb6 44. Rc3 a6 45. Rxb3 c4 46. Nc7+ 1-0

[Event "Mittelrhein Verbandsliga-O 1112"]
[Site "Germany"]
[Date "2012.05.20"]
[Round "11"]
[White "Steffens, Klaus"]
[Black "Eising, Johannes"]
[Result "0-1"]
[WhiteElo "1929"]
[BlackElo "2115"]
[PlyCount "44"]
[EventDate "2011.09.18"]
[EventType "team-tourn"]
[EventRounds "11"]
[EventCountry "GER"]
[SourceTitle "EXT 2013"]
[Source "ChessBase"]
[SourceDate "2012.11.22"]
[SourceVersion "1"]
[SourceVersionDate "2012.11.22"]
[SourceQuality "1"]
[WhiteTeam "Siegburg"]
[BlackTeam "Koeln Porz III"]
[WhiteTeamCountry "GER"]
[BlackTeamCountry "GER"]

1. d4 g6 2. e4 Bg7 3. Nf3 d6 4. Bc4 Nf6 5. Nc3 Nxe4 6. Bxf7+ Kxf7 7. Nxe4 Re8 8. c3 Nc6 9. Qb3+ d5 10. Nc5 e5 11. dxe5 Nxe5 12. Nxe5+ Rxe5+ 13. Be3 b6 14. Nd3 Re4 15. 0-0-0 Bb7 16. Nc5 bxc5 17. Qxb7 Re5 18. Bxc5 Rb8 19. Qa6 Qg5+ 20. Be3 Rxe3 21. fxe3 Qxe3+ 22. Kc2 Rxb2+ 0-1

[Event "Mittelrhein Verbandsliga-O 1112"]
[Site "Germany"]
[Date "2012.01.15"]
[Round "5"]
[White "Steffens, Klaus"]
[Black "Koegler, Christof"]
[Result "1-0"]
[WhiteElo "1929"]
[BlackElo "1972"]
[PlyCount "43"]
[EventDate "2011.09.18"]
[EventType "team-tourn"]
[EventRounds "11"]
[EventCountry "GER"]
[SourceTitle "EXT 2013"]
[Source "ChessBase"]
[SourceDate "2012.11.22"]
[SourceVersion "1"]
[SourceVersionDate "2012.11.22"]
[SourceQuality "1"]
[WhiteTeam "Siegburg"]
[BlackTeam "Godesberg IV"]
[WhiteTeamCountry "GER"]
[BlackTeamCountry "GER"]

1. e4 c5 2. c3 d5 3. exd5 Qxd5 4. d4 Nf6 5. Nf3 e6 6. Be2 Nc6 7. 0-0 b6 8. Qa4 Bd7 9. dxc5 Bxc5 10. Rd1 Nd4 11. Qa6 Nxe2+ 12. Qxe2 Qe4 13. Re1 Bc6 14. Nbd2 Qg4 15. h3 Qg6 16. Nc4 Bb7 17. Nce5 Qf5 18. g4 Bxf3 19. Qb5+ Ke7 20. gxf5 Bd5 21. Bg5 Rhc8 22. Qd7+ 1-0